STN ISO 2789/Z1 (01 0150) informácie a dokumentácia

Na minha lista:
Detalhes bibliográficos
Formato: Livro
Idioma:eslovaco
inglês
Publicado em: Bratislava Slovenský ústav technickej normalizácie 2001
Assuntos:
Tags: Adicionar Tag
Sem tags, seja o primeiro a adicionar uma tag!

MARC

LEADER 00000nam a2200000 4500
001 c132716
005 20240104103057.5
041 0 |a slo 
041 0 |a eng 
044 |a SK 
245 1 0 |a STN ISO 2789/Z1 (01 0150)  |b informácie a dokumentácia 
264 1 |a Bratislava  |b Slovenský ústav technickej normalizácie  |c 2001 
300 |a 2 s. 
610 2 0 |a normy 
610 2 0 |a normy ISO 
610 2 0 |a knihoveda 
610 2 0 |a Slovensko 
610 2 0 |a ISO 2789/Z1 
610 2 0 |a STN 01 0150 
610 2 0 |a knižnice 
610 2 0 |a dokumenty 
610 2 0 |a terminológia 
610 2 0 |a informácie